[Event "Anogia op 1st"]
[Site "Anogia"]
[Date "2012.08.03"]
[Round "7"]
[White "Bahar Mosse, Iakov"]
[Black "Sgouros, Nikolaos"]
[Result "1/2-1/2"]
[WhiteElo "1918"]
[BlackElo "1695"]
[PlyCount "81"]
[EventDate "2012.07.30"]
[EventType "swiss"]
[EventRounds "7"]
[EventCountry "GRE"]
[SourceTitle "EXT 2013"]
[Source "ChessBase"]
[SourceDate "2012.11.22"]
[SourceVersion "1"]
[SourceVersionDate "2012.11.22"]
[SourceQuality "1"]

1. Nf3 Nf6 2. g3 g6 3. Bg2 Bg7 4. 0-0 0-0 5. d3 h6 6. e4 d6 7. Nc3 e5 8. h3 c6 9. Kh2 Kh7 10. Ng1 Ng8 11. f4 f5 12. exf5 Bxf5 13. Nf3 Nd7 14. g4 Be6 15. Ne2 Ne7 16. c4 d5 17. Qc2 Qc7 18. fxe5 Nxe5 19. Kg1 dxc4 20. Nxe5 Qxe5 21. d4 Rxf1+ 22. Bxf1 Qd6 23. Be3 Nd5 24. Bd2 Rf8 25. Bg2 Nc7 26. Be3 Bd5 27. Rf1 Rxf1+ 28. Bxf1 Bf3 29. Qxc4 Bxe2 30. Qxe2 Bxd4 31. Bxd4 Qxd4+ 32. Kh1 Nd5 33. Bg2 Nf4 34. Qe7+ Qg7 35. Qe4 Nxg2 36. Qxg2 Qd4 37. Kh2 Qf4+ 38. Kg1 Qd4+ 39. Kh2 Qe5+ 40. Kh1 Kg7 41. b3 1/2-1/2

[Event "Anogia op 1st"]
[Site "Anogia"]
[Date "2012.08.02"]
[Round "6"]
[White "Sgouros, Nikolaos"]
[Black "Kostouros, Alexandros"]
[Result "1/2-1/2"]
[WhiteElo "1695"]
[BlackElo "2124"]
[PlyCount "112"]
[EventDate "2012.07.30"]
[EventType "swiss"]
[EventRounds "7"]
[EventCountry "GRE"]
[SourceTitle "EXT 2013"]
[Source "ChessBase"]
[SourceDate "2012.11.22"]
[SourceVersion "1"]
[SourceVersionDate "2012.11.22"]
[SourceQuality "1"]

1. e4 e5 2. Nf3 Nc6 3. Bc4 Bc5 4. c3 Nf6 5. d3 d6 6. h3 0-0 7. 0-0 Be6 8. Bb3 Qd7 9. Kh2 h6 10. Bc2 d5 11. Nbd2 dxe4 12. dxe4 Rad8 13. Qe2 a6 14. Nb3 Bb6 15. Be3 Bxe3 16. Qxe3 Qe7 17. Rfd1 b6 18. Rxd8 Rxd8 19. Rd1 Rxd1 20. Bxd1 Qd6 21. Bc2 a5 22. a3 Kf8 23. Nbd2 Ke7 24. Kg1 Nd7 25. b4 f6 26. Qd3 Nf8 27. Qxd6+ cxd6 28. Bb3 Bxb3 29. Nxb3 Ne6 30. Nfd2 a4 31. Nc1 b5 32. f3 Nc7 33. Nd3 d5 34. exd5 Nxd5 35. c4 bxc4 36. Nxc4 Nd4 37. Nc5 Nc3 38. Kf2 Ne6 39. Nd3 h5 40. h4 Nd4 41. Nc5 Nf5 42. g3 Nd6 43. Nxd6 Kxd6 44. Ne4+ Nxe4+ 45. fxe4 g6 46. Kf3 f5 47. Ke3 Kc6 48. Kd3 Kb5 49. Kc3 fxe4 50. Kd2 Kc4 51. Ke3 Kd5 52. Ke2 Kd4 53. Ke1 Kc4 54. Ke2 Kd4 55. Ke1 e3 56. Ke2 Ke4 1/2-1/2